Understanding viscoelasticity : basics of rheology
Αποθηκεύτηκε σε:
| Κύριος συγγραφέας: | |
|---|---|
| Μορφή: | Βιβλίο |
| Γλώσσα: | English |
| Δημοσίευση: |
Berlin ; New York :
Springer,
c2002
|
| Σειρά: | Advanced texts in physics
|
| Θέματα: | |
| Ετικέτες: |
Προσθήκη ετικέτας
Δεν υπάρχουν, Καταχωρήστε ετικέτα πρώτοι!
|
MARC
| LEADER | 00000nam a2200000 i 4500 | ||
|---|---|---|---|
| 001 | 1/74944 | ||
| 008 | 080219s2002 eng d | ||
| 020 | |a 3-540-43395-3 | ||
| 035 | |l 10094789 | ||
| 040 | |a GR-MY-UA |b gre |e aacr | ||
| 041 | 0 | |a eng | |
| 082 | 0 | |a 532.0533 |2 (22) | |
| 100 | 1 | |a Phan-Thien, Nhan. | |
| 245 | 1 | 0 | |a Understanding viscoelasticity : |b basics of rheology / |c Nhan Phan-Thien |
| 260 | |a Berlin ; New York : |b Springer, |c c2002 | ||
| 300 | |a xiii, 145 σ.; |b εικ.; |c 24 εκ. | ||
| 490 | 1 | |a Advanced texts in physics | |
| 504 | |a Περιέχει βιβλιογραφικές παραπομπές και ευρετήριο | ||
| 650 | 0 | 0 | |a Viscoelasticity. |
| 830 | 0 | |a Advanced texts in physics | |
| 852 | |a INST |b SAMOS |e 20080219 |h 532.0533 PHA |p 005300026825 |q 005300026825 |t BK |y 0 | ||
| 901 | |a BIBL3-2008-1 | ||
| 909 | |a Σ |b 142274 | ||
| 922 | |a 3ΕΛΗ |b 200712 |c ΕΠΕΑΕΚ2/ΤΜΗΜΑ ΜΑΘΗΜΑΤΙΚΩΝ |d ΠΑΠΑΣΩΤΗΡΙΟΥ | ||
| 970 | |a ΡΟΥΣΣΟΥ |b ΚΩΝΣΤΑΝΤΙΝΑ |z 2008/02/19 | ||